Statystyki dla Najlepsi strzelcy Radomiaka Radom

Kliknij tutaj aby rozwiązać quiz!

Ogólne statystyki

  • Ten quiz został rozwiązany 55 razy
  • Średni wynik to 2 z 10

Statystyki odpowiedzi

BramkiPiłkarz% Poprawnych
103Leandro
98%
31Karol Angielski
50%
10Maurides
50%
14Maciej Świdzikowski
14%
12Mateusz Radecki
7%
22Patryk Mikita
7%
11Jakub Rolinc
2%
18Rafał Makowski
2%
10Kamil Cupriak
0%
10Peter Mazan
0%

Rozkład punktacji

Percentyl według liczby udzielonych odpowiedzi

Procent ludzi z każdym wynikiem

Twoja historia wyników

Nie rozwiązałeś tego quizu